00974cam a2200289 a 45000010008000000030004000080050017000120080041000290100017000700200022000870350020001090400032001290420014001610820016001751000020001912450149002112600052003603000020004124400028004325000016004605040052004766500027005286500024005556500052005796500031006317000022006624036792OSt20230629080824.0980615s1998 dcu b 000 0 eng d a 98060750  a1878071432 (pbk.) a(OCoLC)39212553 aViWyCcViWyCdODaUdIUdDLC alccopycat00a333.95bTUX1 aTuxill, John D.10aLosing strands in the web of life :bvertebrate declines and the conservation of biological diversity /cJohn Tuxill ; Jane A. Peterson, editor. aWashington, DC :bWorldwatch Institute,cc1998. a88 p. ;c22 cm. 0aWorldwatch paper ;v141 a"May 1998." aIncludes bibliographical references (p. 74-88). 0aWildlife conservation. 0aAnimal populations. 0aVertebratesxEffect of habitat modification on. 0aBiodiversity conservation.1 aPeterson, Jane A.